| 000 | 01267nam a22003377a 4500 | ||
|---|---|---|---|
| 003 | CHAP | ||
| 005 | 20220817044539.0 | ||
| 008 | 120904s2010 fr a r 00010 spa d | ||
| 010 | _a103858 | ||
| 011 | _a104830 | ||
| 035 | _a115520 | ||
| 040 | _cCHAP | ||
| 090 | _aFolleto 18367 | ||
| 245 | 0 | 3 |
_aLa estrategia de crecimiento verde : _b¿Cómo podemos conseguir una economía más ecológica? _c/por Organización para la Cooperación y el Desarrollo Económicos |
| 260 |
_a[Paris] : _b[OCDE], _c[2010?] |
||
| 300 |
_a4 p. : _bilus., gráfs. |
||
| 590 |
_aBATCH-UPD _b10 _c20130110 _lUCH01 _h1029 |
||
| 590 |
_aBATCH-UPD _b10 _c20130410 _lUCH01 _h0632 |
||
| 590 |
_aBATCH-UPD _b10 _c20130914 _lUCH01 _h0630 |
||
| 590 |
_aCONVERSION _b10 _c20130109 _lUCH01 _h1357 |
||
| 650 | 1 | 4 |
_aBiodiversidad. _912724 |
| 650 | 1 | 4 |
_aCambio climático. _917781 |
| 650 | 1 | 4 | _aDesarrollo económico. |
| 650 | 1 | 4 |
_aMedio ambiente _xContaminación. _974069 |
| 650 | 1 | 4 |
_aRecursos naturales _xUtilización. _995321 |
| 710 | 0 |
_aOrganización para la Cooperación y el Desarrollo Económicos. París. _983559 |
|
| 901 | _aBK | ||
| 942 | _cFOLL | ||
| 949 |
_aFolleto 18367 _bBC _cFOLL _d33724002324264 _eTS2 _fc.2 _i115520 _sb |
||
| 949 |
_aFolleto 18367 _bBC _cFOLL _d33724002327231 _eTS1 _i115520 _sb |
||
| 999 |
_c103858 _d103858 |
||